000 00229 a2200109 4500
001 76711
090 _c39230
_d39230
100 _aHalshaw Hall
245 _aNon Destructive testing, 2/e
250 _a2
260 _aUK
_bELBS
942 _aNUST-CAE
_k620.1127 HAL
999 _c311784
_d311784